Reforming teacher education : the impact of the Holmes Group report /

Bibliographic Details
Other Authors: Soltis, Jonas F.
Format: Book
Language:English
Published: New York : Teachers College Press, Teachers College, Columbia University, [1987]
Subjects:

MARC

Tag First Indicator Second Indicator Subfields
LEADER 00000cam a2200000 a 4500
001 in00000025775
005 20151007054453.0
008 870225s1987 nyu b 00100 eng
010 |a  87006427  
020 |a 0807728713 (pbk.) 
035 |a (OCoLC)15315630 
035 |9 AAB5157AM 
040 |a DLC  |c DLC  |d TXA  |d UtOrBLW 
043 |a n-us--- 
049 |a TXAM  |c [A11060468] 
050 0 0 |a LB2165  |b .R44 1987 
082 0 |a 370/.7/10973  |2 19 
245 0 0 |a Reforming teacher education :  |b the impact of the Holmes Group report /  |c Jonas F. Soltis, editor. 
264 1 |a New York :  |b Teachers College Press, Teachers College, Columbia University,  |c [1987] 
264 4 |c ©1987 
300 |a 140 pages ;  |c 23 cm. 
336 |a text  |b txt  |2 rdacontent 
337 |a unmediated  |b n  |2 rdamedia 
338 |a volume  |b nc  |2 rdacarrier 
504 |a Includes bibliographies and index. 
630 0 0 |a Tomorrow's teachers. 
650 0 |a Teachers  |x Training of  |z United States. 
650 0 |a Universities and colleges  |x Curricula  |z United States  |x Planning. 
700 1 |a Soltis, Jonas F. 
999 |a MARS 
999 f f |s 7c08545c-9a99-389d-97d3-9caeb155963a  |i 9e0c0a3b-8048-3bb5-9059-c3b0ddc4b985  |t 0 
952 f f |p normal  |a Texas A&M University  |b College Station  |c Sterling C. Evans Library  |d Evans: Library Stacks  |t 0  |e LB2165 .R44 1987  |h Library of Congress classification  |i unmediated -- volume  |m A14811060468 
998 f f |a LB2165 .R44 1987  |t 0  |l Evans: Library Stacks